| 000 | 01372nam a22003977a 4500 | ||
|---|---|---|---|
| 001 | 0024126 | ||
| 003 | KOHA_MİRAKIL | ||
| 005 | 20260207002431.0 | ||
| 007 | ta | ||
| 008 | 101111b1991 tu |||gr||||#0|||0|tur | | ||
| 020 | _a975170779X | ||
| 040 |
_aTR-BiSEU _btur _cTR-BiSEU _erda |
||
| 041 | 0 | _atur | |
| 044 | _ctu | ||
| 050 |
_aDR558 _b.B39 1991 |
||
| 100 | 1 | _aBayrakdar, Mehmet. | |
| 245 | 1 |
_aBitlisli İdris : _b(İdris-i Bidlisi)/ _cMehmet Bayrakdar ; Mehmet Bayrakdar. |
|
| 264 | 1 |
_aAnkara : _bKültür Bakanlığı _c1991 |
|
| 300 | _a101 sayfa; 20 cm. | ||
| 336 |
_ametin _btxt _2rdacontent |
||
| 337 |
_aaracısız _bn _2rdamedia |
||
| 338 |
_acilt _bnc _2rdacarrier |
||
| 490 | 1 |
_aKültür Bakanlığı yayınları ; _v12. |
|
| 490 | 1 |
_aTürk büyükleri dizisi ; _v134. |
|
| 500 | _aKaynakça var. | ||
| 650 | 0 |
_aBitlisli İdris, 1452-1520--Biography. _949438 |
|
| 650 | 0 |
_aBitlisli İdris, 1452-1520--Criticism and interpretation. _949439 |
|
| 650 | 0 |
_aBitlisli İdris, 1452-1520--Biyografi. _949440 |
|
| 650 | 0 |
_aBitlisli İdris, 1452-1520--Kritik ve yorum. _949441 |
|
| 650 | 0 |
_aStatesmen--Turkey--Biography. _912592 |
|
| 650 | 0 |
_aDevlet adamları--Türkiye--Biyografi. _914394 |
|
| 830 | 1 |
_aKültür Bakanlığı yayınları ; _v12. _96658 |
|
| 830 | 1 |
_aTürk büyükleri dizisi ; _v134. _912397 |
|
| 907 | _aTarih | ||
| 942 |
_2lcc _cBK |
||
| 999 |
_c24079 _d24079 |
||